Dispozično-prevádzkové vzťahy a zásady pri riešení obchodných domov /

Salvato in:
Dettagli Bibliografici
Autore principale: Rokošný, Anton (Autore)
Natura: Manoscritto Libro
Lingua:slovacco
Pubblicazione: Bratislava : Slovenská vysoká škola technická, Stavebná fakulta, 1973
Soggetti:
Tags: Aggiungi Tag
Nessun Tag, puoi essere il primo ad aggiungerne!!

MARC

LEADER 00000ntm a22000003a 4500
001 0112414
003 SK-STU
005 20241119111253.4
007 ta
008 241119s2024----xo-----f-mn---000-0-slo-d
040 |a STU  |b slo 
041 0 |a slo 
044 |a xo  |c SK 
100 1 |a Rokošný, Anton  |4 aut 
245 1 0 |a Dispozično-prevádzkové vzťahy a zásady pri riešení obchodných domov /  |c aut. Anton Rokošný 
260 |a Bratislava :  |b Slovenská vysoká škola technická, Stavebná fakulta,  |c 1973 
300 |a 198 s. 
650 0 7 |a domy obchodné 
650 0 7 |a Československo 
650 0 7 |a Európa 
650 0 7 |a Amerika 
650 0 7 |a obchodný dom Prior v Bratislave 
650 0 7 |a Prior 
650 0 7 |a architektúra 
650 0 7 |a výstavba 
650 0 7 |a konštrukcia 
650 0 7 |a interiér 
996 |b 284AU10034  |c A* 8/V  |l AAKNST  |s P  |a 0  |w 0112414_0001